Κατάλογος Βιβλιοθηκών Mediterranean College

Τεχνητή νοημοσύνη : (Record no. 9907)

MARC details
000 -LEADER
fixed length control field 02391nam a22001937a 4500
005 - ΗΜΕΡΟΜΗΝΙΑ ΚΑΙ ΩΡΑ ΤΕΛΕΥΤΑΙΑΣ ΕΝΗΜΕΡΩΣΗΣ
Πεδίο ελέγχου 20250901091628.0
006 - FIXED-LENGTH DATA ELEMENTS--ADDITIONAL MATERIAL CHARACTERISTICS
Πεδίο ελέγχου σταθερού μήκους a|||||r|||||||||||
008 - FIXED-LENGTH DATA ELEMENTS--GENERAL INFORMATION
Πεδίο ελέγχου σταθερού μήκους b1992 |||||||| |||| 00| 0 eng d
020 ## - ISBN
ISBN 9789607023261
040 ## - ΠΗΓΗ ΚΑΤΑΛΟΓΟΓΡΑΦΗΣΗΣ
Φορέας πρωτότυπης καταλογογράφησης MC Athens Campus Library
Γλώσσα καταλογογράφησης Ελληνικά, Μοντέρνα (1453-)
Modifying agency MC Athens Campus Library
Κανόνες περιγραφικής καταλογογράφησης AACR2
100 ## - MAIN ENTRY--PERSONAL NAME
Personal name Haugeland, John
Σχέση Συγγραφέας
9 (RLIN) 10050
245 00 - ΤΙΤΛΟΣ ΚΑΙ ΔΗΛΩΣΗ ΥΠΕΥΘΥΝΟΤΗΤΑΣ
Τίτλος Τεχνητή νοημοσύνη :
Remainder of title σχεδιάζοντας τη νόηση: από την υπολογιστική θεωρία στις σύγχρονες ευφυείς μηχανές /
Statement of responsibility, etc. John Haugeland
260 ## - PUBLICATION, DISTRIBUTION, ETC.
Place of publication, distribution, etc. Αθήνα :
Name of publisher, distributor, etc. Κάτοπτρο,
Date of publication, distribution, etc. 2011
300 ## - PHYSICAL DESCRIPTION
Extent 378 σ.;
Διαστάσεις 21 εκ.
520 ## - SUMMARY, ETC.
Summary, etc. «Όσον αφορά την Τεχνητή Νοημοσύνη, οι άνθρωποι συνήθως χωρίζονται στους "χλευαστές" και στους "οπαδούς". Οι πρώτοι βρίσκουν την όλη ιδέα τελείως παράλογη -όχι απλώς λανθασμένη αλλά γελοία- παρόμοια με το να φανταζόμαστε ότι το αυτοκίνητό μας μάς μισεί ή με το να ισχυριζόμαστε πως μια δολοφονική σφαίρα θα έπρεπε να φυλακιστεί. Οι δεύτεροι, αντίθετα, έχουν τη σιγουριά ότι είναι απλώς θέμα χρόνου. Οι υπολογιστές που σκέπτονται, ισχυρίζονται, είναι το ίδιο αναπόφευκτοι όπως τα διαπλανητικά ταξίδια ή η τηλεόραση τσέπης. Αξίζει να τονιστεί το πόσο ολοκληρωτικά πεπεισμένη είναι η κάθε πλευρά: "Μα είναι τόσο φανερό", λένε και οι δύο, "μόνο ένας φανατικός θα διαφωνούσε". Εμείς εδώ δεν θα υπερασπιστούμε με φανατισμό καμία πλευρά. Η Τεχνητή Νοημοσύνη δεν είναι ούτε παράλογη ούτε αναπόφευκτη. Αντίθετα, βασίζεται σε μια ισχυρή ιδέα, η οποία πιθανόν να είναι σωστή (ή σωστή από μερικές απόψεις) και εξίσου πιθανόν να μην είναι. [...]»
650 #0 - SUBJECT ADDED ENTRY--TOPICAL TERM
Topical term or geographic name entry element Πληροφορική
9 (RLIN) 9850
942 ## - ADDED ENTRY ELEMENTS (KOHA)
Koha item type Books
Holdings
Τύπος τεκμηρίου Βιβλιοθήκη Τρέχουσα τοποθεσία Barcode Αριθμός εισαγωγής Ημερομηνία απόκτησης Ταξιθετικό σύμβολο Αριθμός αντιτύπου Κατάσταση απόσυρσης Κατάσταση χαμένου Κατάσταση κατεστραμμένου Μη δανεισμός Σύνολο δανεισμών Ημερομηνία τελευταίας εμφάνισης Η τιμή ισχύει από
Books MC Athens Campus Library MC Athens Campus Library 9780000098771 8044 01/09/2025 006.3 HAU 1           01/09/2025 01/09/2025

MC Athens Campus Library
Πατησίων 94 & Κοδριγκτώνος 13, 104 34
Πελλήνης 8 & Πατησίων 107, 112 51
Τ: +30 210 8899600

MC Thessaloniki Campus Library
Ίωνος Δραγούμη 21, 54625 | Ίωνος Δραγούμη 15, 54625
Τ: +30 2310 287779 – Τ: +30 2314 440300